[Event "CZE-chT1W 2425"]
[Site "Czech Republic"]
[Date "2025.04.06"]
[Round "11.6"]
[White "Pribyl, Josef"]
[Black "Mikes, Jan"]
[Result "1/2-1/2"]
[WhiteElo "2192"]
[BlackElo "2349"]
[PlyCount "66"]
[EventDate "2024.10.20"]
[EventType "team-tourn"]
[EventRounds "11"]
[EventCountry "CZE"]
[SourceTitle "CB16_2025"]
[SourceDate "2025.04.16"]
[SourceVersion "1"]
[SourceVersionDate "2025.04.16"]
[SourceQuality "1"]
[WhiteTeam "Praha Dopravni Podnik"]
[BlackTeam "Lysa nad Labem II"]
[WhiteTeamCountry "CZE"]
[BlackTeamCountry "CZE"]

1. d4 Nf6 2. c4 g6 3. Nc3 Bg7 4. e4 d6 5. f4 0-0 6. Nf3 Na6 7. Bd3 e5 8. fxe5 dxe5 9. d5 Nc5 10. Bc2 a5 11. 0-0 Qe7 12. Kh1 Ne8 13. Qe2 Nd6 14. Be3 b6 15. Nd2 f5 16. Bxc5 bxc5 17. Na4 Nb7 18. Nc3 Ra6 19. Ba4 Raf6 20. Bc6 Nd6 21. Rae1 Bh6 22. exf5 Bxf5 23. h3 Bxd2 24. Qxd2 Bxh3 25. Rxf6 Bxg2+ 26. Qxg2 Qxf6 27. Qh3 Qf2 28. Re2 Qd4 29. Qe6+ Rf7 30. Kg2 Qf4 31. Be8 Qf1+ 32. Kh2 Qf4+ 33. Kg2 Qf1+ 1/2-1/2

[Event "CZE-chT1W 2425"]
[Site "Czech Republic"]
[Date "2025.01.19"]
[Round "6.5"]
[White "Mikes, Jan"]
[Black "Sindler, Michal"]
[Result "1-0"]
[WhiteElo "2349"]
[BlackElo "2154"]
[PlyCount "75"]
[EventDate "2024.10.20"]
[EventType "team-tourn"]
[EventRounds "11"]
[EventCountry "CZE"]
[SourceTitle "CB16_2025"]
[SourceDate "2025.04.16"]
[SourceVersion "1"]
[SourceVersionDate "2025.04.16"]
[SourceQuality "1"]
[WhiteTeam "Lysa nad Labem II"]
[BlackTeam "Pankrac"]
[WhiteTeamCountry "CZE"]
[BlackTeamCountry "CZE"]

1. e4 c5 2. Nf3 d6 3. d4 cxd4 4. Nxd4 Nf6 5. Nc3 Nc6 6. Bg5 e6 7. Qd3 a6 8. Nxc6 bxc6 9. 0-0-0 Qa5 10. Qg3 Rb8 11. Bc4 Be7 12. Bd2 Qb6 13. Bb3 0-0 14. e5 dxe5 15. Bh6 Ne8 16. Be3 Qc7 17. h4 Kh8 18. h5 f5 19. h6 g5 20. Bxg5 Rg8 21. Rh5 Rb4 22. f3 Nf6 23. Bxf6+ Bxf6 24. Qf2 c5 25. Rxf5 exf5 26. Bxg8 Bg5+ 27. Kb1 Kxg8 28. Qg3 Qe7 29. Nd5 Qd8 30. Qxe5 Qf8 31. Nxb4 cxb4 32. Qg3 Qxh6 33. f4 Qh4 34. Qxg5+ Qxg5 35. fxg5 Be6 36. Rd6 Bc4 37. g3 Kg7 38. Rf6 1-0

[Event "AUT-chT 2425"]
[Site "Austria"]
[Date "2024.10.11"]
[Round "3.6"]
[White "Mikes, Jan"]
[Black "Bacrot, Etienne"]
[Result "1-0"]
[WhiteElo "2349"]
[BlackElo "2658"]
[PlyCount "59"]
[EventDate "2024.10.09"]
[EventType "team-tourn"]
[EventRounds "11"]
[EventCountry "AUT"]
[SourceTitle "CB42_2024"]
[Source "ChessBase"]
[SourceDate "2024.10.16"]
[SourceVersion "1"]
[SourceVersionDate "2024.10.16"]
[SourceQuality "1"]
[WhiteTeam "Mistelbach"]
[BlackTeam "Linz"]
[WhiteTeamCountry "AUT"]
[BlackTeamCountry "AUT"]

1. e4 c5 2. Nf3 d6 3. d4 cxd4 4. Nxd4 Nf6 5. Nc3 a6 6. Rg1 h5 7. h3 h4 8. Be3 Nbd7 9. g4 hxg3 10. Rxg3 Qc7 11. Qe2 e5 12. Nb3 b5 13. 0-0-0 Bb7 14. Bg2 Rc8 15. Kb1 Nh5 16. Rg4 Nhf6 17. Rg3 g6 18. Bg5 Be7 19. h4 Nh5 20. Rgd3 b4 21. Bxe7 Kxe7 22. Rxd6 Ndf6 23. Na4 Rhd8 24. Rxd8 Rxd8 25. Rxd8 Qxd8 26. Bf3 Kf8 27. Nac5 Bc8 28. Nd3 a5 29. Nxe5 Qc7 30. Qb5 1-0

[Event "AUT-chT 2425"]
[Site "Austria"]
[Date "2024.10.09"]
[Round "1.6"]
[White "Mikes, Jan"]
[Black "Kulon, Klaudia"]
[Result "1/2-1/2"]
[WhiteElo "2349"]
[BlackElo "2395"]
[PlyCount "129"]
[EventDate "2024.10.09"]
[EventType "team-tourn"]
[EventRounds "11"]
[EventCountry "AUT"]
[SourceTitle "CB42_2024"]
[Source "ChessBase"]
[SourceDate "2024.10.16"]
[SourceVersion "1"]
[SourceVersionDate "2024.10.16"]
[SourceQuality "1"]
[WhiteTeam "Mistelbach"]
[BlackTeam "St Veit"]
[WhiteTeamCountry "AUT"]
[BlackTeamCountry "AUT"]

1. e4 e5 2. Nf3 Nc6 3. Bc4 Nf6 4. d3 h6 5. c3 d6 6. 0-0 g6 7. d4 Qe7 8. Re1 Bg7 9. h3 0-0 10. Nbd2 Na5 11. Bf1 c5 12. d5 b6 13. b4 Nb7 14. a4 cxb4 15. cxb4 Nd7 16. Rb1 f5 17. exf5 gxf5 18. Nd4 Nf6 19. Ba6 Kh8 20. Qf3 e4 21. Qb3 Nh5 22. Bb2 Nf4 23. Nf1 Na5 24. bxa5 Bxa6 25. Ng3 Qg5 26. axb6 axb6 27. Ne6 Nxe6 28. dxe6 Rg8 29. Bc1 Qg6 30. Qd5 Be5 31. Bb2 Qg7 32. Bxe5 dxe5 33. Qd7 Qg5 34. h4 Qxh4 35. Nxf5 Qg5 36. Ne3 Rg7 37. Qd5 Rag8 38. Rxb6 Bd3 39. e7 Rxe7 40. Re6 Rxe6 41. Qxe6 Qf4 42. a5 h5 43. Qh3 h4 44. g3 Rg6 45. Ng2 Qd2 46. Qxh4+ Kg8 47. Qd8+ Kh7 48. Qe7+ Rg7 49. Qxe5 Rf7 50. Qd4 Qxa5 51. Ra1 Qg5 52. Ra7 Qc1+ 53. Kh2 Qh6+ 54. Nh4 Qg7 55. Qxg7+ Kxg7 56. Rxf7+ Kxf7 57. g4 Kf6 58. Kg3 Kg5 59. Nf5 Be2 60. Nd6 Bxg4 61. Nxe4+ Kf5 62. Nd6+ Kg5 63. f4+ Kh5 64. f5 Bxf5 65. Nxf5 1/2-1/2

[Event "Teplice op 17th"]
[Site "Teplice"]
[Date "2024.06.20"]
[Round "6"]
[White "Mikes, Jan"]
[Black "Thorsbro, Peter"]
[Result "1-0"]
[WhiteElo "2356"]
[BlackElo "2134"]
[PlyCount "51"]
[EventDate "2024.06.15"]
[EventType "swiss"]
[EventRounds "9"]
[EventCountry "CZE"]
[SourceTitle "CBM 220 Extra"]
[Source "ChessBase"]
[SourceDate "2024.07.31"]
[SourceVersion "1"]
[SourceVersionDate "2024.07.31"]
[SourceQuality "1"]

1. e4 e5 2. Nf3 Nc6 3. Bc4 Nf6 4. d3 Bc5 5. Bg5 d6 6. c3 h6 7. Bh4 Qe7 8. Nbd2 a6 9. 0-0 Bg4 10. b4 Ba7 11. a4 Nd8 12. h3 Be6 13. d4 g5 14. dxe5 Nxe4 15. Nxe4 Bxc4 16. exd6 cxd6 17. Nxd6+ Kf8 18. Nxc4 gxh4 19. Nfe5 Ne6 20. Qf3 Rg8 21. Rad1 Ng5 22. Qg4 Re8 23. Kh1 Qe6 24. Qxh4 Qf5 25. Qxh6+ Rg7 26. Nd7+ 1-0

[Event "AUT-chT 2324"]
[Site "Austria"]
[Date "2024.03.22"]
[Round "9.5"]
[White "Mikes, Jan"]
[Black "Kruckenhauser, Arthur"]
[Result "1-0"]
[WhiteElo "2347"]
[BlackElo "2313"]
[PlyCount "53"]
[EventDate "2023.11.22"]
[EventType "team-tourn"]
[EventRounds "11"]
[EventCountry "AUT"]
[SourceTitle "CBM 219 Extra"]
[Source "ChessBase"]
[SourceDate "2024.05.31"]
[SourceVersion "1"]
[SourceVersionDate "2024.05.31"]
[SourceQuality "1"]
[WhiteTeam "Mistelbach"]
[BlackTeam "Schach ohne Grenzen"]
[WhiteTeamCountry "AUT"]
[BlackTeamCountry "AUT"]

1. e4 e5 2. Nc3 Nc6 3. g3 Bc5 4. Bg2 a6 5. Nge2 d6 6. 0-0 h5 7. h3 Nf6 8. d3 Be6 9. Nd5 Qd7 10. Kh2 0-0-0 11. Bg5 Bxd5 12. exd5 Ne7 13. d4 Bb6 14. c4 Qf5 15. Be3 Qh7 16. Rc1 Nf5 17. c5 exd4 18. cxb6 dxe3 19. Rxc7+ Kb8 20. Qc2 Rc8 21. Rc1 Ng4+ 22. Kh1 Nxf2+ 23. Kg1 Ne7 24. Rxc8+ Nxc8 25. Qc7+ Ka8 26. Qxc8+ Rxc8 27. Rxc8# 1-0

[Event "Prague op"]
[Site "Prague"]
[Date "2024.03.05"]
[Round "7"]
[White "Mikes, Jan"]
[Black "Heberla, Bartlomiej"]
[Result "1-0"]
[WhiteElo "2348"]
[BlackElo "2552"]
[PlyCount "119"]
[EventDate "2024.02.28"]
[EventType "swiss"]
[EventRounds "9"]
[EventCountry "CZE"]
[SourceTitle "CBM 219 Extra"]
[Source "ChessBase"]
[SourceDate "2024.05.31"]
[SourceVersion "1"]
[SourceVersionDate "2024.05.31"]
[SourceQuality "1"]

1. e4 e5 2. Nf3 Nc6 3. Bc4 d6 4. d3 Na5 5. Nc3 Be7 6. h3 Nxc4 7. dxc4 f5 8. exf5 Bxf5 9. g4 Be6 10. Qe2 Qd7 11. Be3 Qc6 12. b3 Nf6 13. 0-0-0 0-0 14. Ng5 Bd7 15. f3 b5 16. Nxb5 d5 17. a4 d4 18. Bxd4 h6 19. Bxe5 hxg5 20. h4 gxh4 21. Rxh4 Rae8 22. g5 Nh7 23. f4 Bf5 24. Nd4 Qe4 25. Qxe4 Bxe4 26. Re1 Bg6 27. Ne6 Ba3+ 28. Bb2 Bxb2+ 29. Kxb2 Bf5 30. Nxf8 Rxe1 31. Nxh7 Bxh7 32. Rh2 Bf5 33. Rd2 Re4 34. Rd8+ Kf7 35. Ra8 Ke7 36. Rxa7 Kd7 37. a5 Rxf4 38. Rb7 Rf2 39. b4 Bxc2 40. Kc3 Be4 41. Rb8 c5 42. b5 Ra2 43. a6 g6 44. Rf8 Ra3+ 45. Kb2 Ra4 46. Kb3 Ra1 47. Rf7+ Ke6 48. Rc7 Kd6 49. Rg7 Rg1 50. a7 Rb1+ 51. Kc3 Ra1 52. b6 Ra3+ 53. Kd2 Ra6 54. Rxg6+ Ke5 55. Rf6 Kd4 56. Rd6+ Ke5 57. Rd5+ Bxd5 58. cxd5 Kd4 59. b7 Ra2+ 60. Kc1 1-0

[Event "CZE-ch"]
[Site "Usti nad Labem"]
[Date "2022.05.22"]
[Round "9"]
[White "Mikes, Jan"]
[Black "Jun, Rudolf Jr"]
[Result "1/2-1/2"]
[WhiteElo "2349"]
[BlackElo "2183"]
[PlyCount "75"]
[EventDate "2022.05.14"]
[EventType "swiss"]
[EventRounds "9"]
[EventCountry "CZE"]
[SourceTitle "CBM 208 Extra"]
[Source "ChessBase"]
[SourceDate "2022.07.31"]
[SourceVersion "1"]
[SourceVersionDate "2022.07.31"]
[SourceQuality "1"]

1. e4 c5 2. Nc3 Nc6 3. Bb5 g6 4. Bxc6 dxc6 5. f4 e5 6. d3 Bg7 7. Nf3 Bg4 8. 0-0 Ne7 9. Qe1 exf4 10. Bxf4 h6 11. Kh1 Bxf3 12. Rxf3 g5 13. Be3 b6 14. Qd2 Ng6 15. Raf1 0-0 16. Ne2 Nh4 17. R3f2 Be5 18. c3 Qe7 19. d4 Rad8 20. Qc2 cxd4 21. cxd4 Bg7 22. Ng3 Bxd4 23. Bxd4 Rxd4 24. Qxc6 Qd6 25. Qc2 Qe5 26. Qb3 Qe7 27. Rf6 Rd6 28. R6f2 Qe6 29. Qa3 a5 30. h3 Rfd8 31. Nh5 Rd3 32. Qa4 Rxh3+ 33. gxh3 Qxh3+ 34. Kg1 Qg4+ 35. Kh1 Qh3+ 36. Kg1 Qg4+ 37. Kh1 Qh3+ 38. Kg1 1/2-1/2

[Event "CZE-ch"]
[Site "Usti nad Labem"]
[Date "2022.05.16"]
[Round "3"]
[White "Mikes, Jan"]
[Black "Babula, Vlastimil"]
[Result "0-1"]
[WhiteElo "2349"]
[BlackElo "2576"]
[PlyCount "122"]
[EventDate "2022.05.14"]
[EventType "swiss"]
[EventRounds "9"]
[EventCountry "CZE"]
[SourceTitle "CBM 208 Extra"]
[Source "ChessBase"]
[SourceDate "2022.07.31"]
[SourceVersion "1"]
[SourceVersionDate "2022.07.31"]
[SourceQuality "1"]

1. e4 c5 2. Nc3 Nc6 3. Bb5 Nd4 4. Nf3 a6 5. Bd3 Nc6 6. 0-0 e6 7. b3 d6 8. Bb2 Nf6 9. Re1 e5 10. Nd5 Be7 11. c3 0-0 12. Nxe7+ Qxe7 13. h3 Nh5 14. Bf1 Nf4 15. d4 Qf6 16. Kh2 g5 17. d5 Ne7 18. Bc1 g4 19. Ng1 gxh3 20. g3 Nd3 21. f4 Nxe1 22. Qxe1 exf4 23. gxf4 Kh8 24. Bd2 Ng6 25. c4 Qg7 26. Bc3 f6 27. Qg3 Bd7 28. Re1 Rae8 29. Nf3 Kg8 30. a3 h5 31. Bxh3 Bg4 32. Bxg4 hxg4 33. Qxg4 Qh6+ 34. Kg3 Rxe4 35. Rxe4 f5 36. Qg5 Qxg5+ 37. Nxg5 fxe4 38. Nxe4 Nxf4 39. Kg4 Ne2 40. Bd2 Nd4 41. b4 Nf3 42. Bf4 cxb4 43. Kxf3 bxa3 44. Nc3 Rc8 45. Bxd6 Rxc4 46. Be5 Kf7 47. Ke3 b5 48. Kd3 Rh4 49. Kc2 b4 50. Na2 a5 51. Bd6 Rh3 52. Nc1 Ke8 53. Be5 a4 54. Bd6 b3+ 55. Kb1 b2 56. Bxa3 bxc1Q+ 57. Bxc1 Kd7 58. Bf4 Rf3 59. Be5 Rf5 60. Bc3 Kd6 61. Ka2 Rf3 0-1

[Event "AUT-chT2O 2122"]
[Site "Austria"]
[Date "2022.04.03"]
[Round "11.2"]
[White "Baumegger, Siegfried"]
[Black "Mikes, Jan"]
[Result "0-1"]
[WhiteElo "2453"]
[BlackElo "2337"]
[PlyCount "102"]
[EventDate "2021.10.16"]
[EventType "team-tourn"]
[EventRounds "11"]
[EventCountry "AUT"]
[SourceTitle "EXT 2023"]
[Source "ChessBase"]
[SourceDate "2022.10.05"]
[SourceVersion "1"]
[SourceVersionDate "2022.10.05"]
[SourceQuality "1"]
[WhiteTeam "Tschaturanga"]
[BlackTeam "Mistelbach/Altlichtenwarth"]
[WhiteTeamCountry "AUT"]
[BlackTeamCountry "AUT"]

1. e4 c5 2. Nf3 d6 3. Bb5+ Bd7 4. Bxd7+ Nxd7 5. 0-0 Ngf6 6. Qe2 e6 7. b3 Be7 8. Bb2 0-0 9. c4 Re8 10. d4 cxd4 11. Nxd4 Qb6 12. Rd1 d5 13. e5 Ne4 14. cxd5 exd5 15. Nf5 Bc5 16. Rxd5 Bxf2+ 17. Kf1 Qe6 18. Qxe4 Nf6 19. Qf3 Nxd5 20. Kxf2 Rad8 21. Nd2 Nb4 22. Nd6 Rxd6 23. exd6 Qxd6 24. Qc3 Nd3+ 25. Kg1 Qb6+ 26. Qd4 Nxb2 27. Qxb6 axb6 28. Rb1 Nd3 29. Nc4 h5 30. Nxb6 Re2 31. a4 Nf4 32. Nc4 Rxg2+ 33. Kh1 Re2 34. a5 Nd3 35. b4 Rc2 36. Ne3 Ra2 37. Nc4 h4 38. h3 g5 39. b5 g4 40. hxg4 h3 41. a6 bxa6 42. b6 Rg2 43. Rf1 Nf2+ 44. Rxf2 Rxf2 45. b7 Rf1+ 46. Kh2 Rb1 47. Na5 Kf8 48. Kxh3 Ke8 49. Kh4 Rb5 50. g5 Kd7 51. Kh5 Kc7 0-1

[Event "AUT-chT2O 2122"]
[Site "Austria"]
[Date "2022.03.13"]
[Round "9.2"]
[White "Stanec, Nikolaus"]
[Black "Mikes, Jan"]
[Result "1/2-1/2"]
[WhiteElo "2477"]
[BlackElo "2337"]
[PlyCount "33"]
[EventDate "2021.10.16"]
[EventType "team-tourn"]
[EventRounds "11"]
[EventCountry "AUT"]
[SourceTitle "EXT 2023"]
[Source "ChessBase"]
[SourceDate "2022.10.05"]
[SourceVersion "1"]
[SourceVersionDate "2022.10.05"]
[SourceQuality "1"]
[WhiteTeam "Donaustadt"]
[BlackTeam "Mistelbach/Altlichtenwarth"]
[WhiteTeamCountry "AUT"]
[BlackTeamCountry "AUT"]

1. d4 g6 2. e4 Bg7 3. Nf3 d6 4. Bc4 Nf6 5. Qe2 0-0 6. h3 Nc6 7. 0-0 e5 8. dxe5 Nxe5 9. Nxe5 dxe5 10. Rd1 Qe7 11. Bg5 h6 12. Bh4 g5 13. Bg3 g4 14. hxg4 Bxg4 15. f3 Be6 16. Nd2 Nh5 17. Bh2 1/2-1/2

[Event "Prague op-A 20th"]
[Site "Prague"]
[Date "2022.01.14"]
[Round "9"]
[White "Plischki, Sebastian"]
[Black "Mikes, Jan"]
[Result "1-0"]
[WhiteElo "2375"]
[BlackElo "2332"]
[PlyCount "81"]
[EventDate "2022.01.07"]
[EventType "swiss"]
[EventRounds "9"]
[EventCountry "CZE"]
[SourceTitle "CBM 206 Extra"]
[Source "ChessBase"]
[SourceDate "2022.03.31"]
[SourceVersion "1"]
[SourceVersionDate "2022.03.31"]
[SourceQuality "1"]

1. c4 Nf6 2. Nc3 g6 3. e4 d6 4. d4 Bg7 5. f3 0-0 6. Nge2 c5 7. d5 e6 8. Ng3 h5 9. Bg5 Qb6 10. Qd2 Nh7 11. Bh4 g5 12. Bxg5 Nxg5 13. Qxg5 Qxb2 14. Rc1 f6 15. Qe3 f5 16. Nxh5 Bd4 17. Qd2 Qxd2+ 18. Kxd2 fxe4 19. Nxe4 exd5 20. cxd5 Bf5 21. Nhg3 Bg6 22. Bd3 Be5 23. Rb1 Bf4+ 24. Ke2 c4 25. Bxc4 Nd7 26. Rxb7 Ne5 27. Bb3 a5 28. a4 Rac8 29. Rd1 Nc4 30. Rd4 Ne3 31. Nxd6 Bxd6 32. Kxe3 Bc5 33. Ne4 Bxe4 34. fxe4 Rb8 35. d6+ Kh8 36. Bd5 Rxb7 37. Bxb7 Rb8 38. d7 Kg7 39. Bc8 Bxd4+ 40. Kxd4 Rb1 41. Ke5 1-0

[Event "Prague op-A 20th"]
[Site "Prague"]
[Date "2022.01.13"]
[Round "8"]
[White "Mikes, Jan"]
[Black "Czerw, Dawid"]
[Result "1/2-1/2"]
[WhiteElo "2332"]
[BlackElo "2396"]
[PlyCount "83"]
[EventDate "2022.01.07"]
[EventType "swiss"]
[EventRounds "9"]
[EventCountry "CZE"]
[SourceTitle "CBM 206 Extra"]
[Source "ChessBase"]
[SourceDate "2022.03.31"]
[SourceVersion "1"]
[SourceVersionDate "2022.03.31"]
[SourceQuality "1"]

1. c4 Nf6 2. Nc3 c6 3. Nf3 d5 4. e3 e6 5. b3 Nbd7 6. Bb2 Be7 7. Qc2 0-0 8. g4 Nxg4 9. Rg1 Nge5 10. Nxe5 Nxe5 11. 0-0-0 Ng6 12. d4 f5 13. Bd3 b5 14. cxb5 cxb5 15. Bxb5 Bd7 16. Bxd7 Qxd7 17. Kb1 Rac8 18. Qd3 Bd6 19. Na4 Qe7 20. Nc5 e5 21. b4 e4 22. Qb3 Qf7 23. b5 Bxh2 24. Rh1 Bb8 25. Rdg1 Rcd8 26. a4 Rfe8 27. Na6 Bd6 28. Rc1 f4 29. a5 Bb8 30. Ba3 Nf8 31. Nxb8 Rxb8 32. Bd6 Rb7 33. a6 Rb6 34. Rc7 Nd7 35. Qb4 fxe3 36. fxe3 Reb8 37. Rhc1 h6 38. Rc8+ Rxc8 39. Rxc8+ Kh7 40. Bf4 Qg6 41. Rc7 Qg1+ 42. Ka2 1/2-1/2

[Event "CZE-chT2C 2122"]
[Site "Czech Republic"]
[Date "2021.11.21"]
[Round "3.1"]
[White "Mikes, Jan"]
[Black "Jun, Rudolf Jr"]
[Result "1/2-1/2"]
[WhiteElo "2327"]
[BlackElo "2114"]
[PlyCount "45"]
[EventDate "2021.10.17"]
[EventType "team-tourn"]
[EventRounds "11"]
[EventCountry "CZE"]
[SourceTitle "EXT 2025"]
[Source "ChessBase"]
[SourceDate "2024.10.14"]
[SourceVersion "1"]
[SourceVersionDate "2024.10.14"]
[SourceQuality "1"]
[WhiteTeam "Jicin AD"]
[BlackTeam "Kutna Hora Sparta"]
[WhiteTeamCountry "CZE"]
[BlackTeamCountry "CZE"]

1. e4 c5 2. c3 Nf6 3. e5 Nd5 4. Nf3 Nc6 5. Bc4 e6 6. d4 d6 7. 0-0 dxe5 8. dxe5 Be7 9. Qe2 Qc7 10. Re1 Bd7 11. Na3 a6 12. Qe4 Nb6 13. Bg5 h6 14. Bxe7 Nxe7 15. Nd2 Nf5 16. Bd3 Rd8 17. Qe2 0-0 18. Rad1 Nc8 19. Nc2 Nce7 20. Nf3 Ng6 21. Bxf5 exf5 22. Ne3 Be6 23. c4 1/2-1/2

[Event "Ceske Budejovice op"]
[Site "Ceske Budejovice"]
[Date "2021.07.03"]
[Round "3"]
[White "Marsalek, Zdenek"]
[Black "Mikes, Jan"]
[Result "1/2-1/2"]
[WhiteElo "2202"]
[BlackElo "2363"]
[PlyCount "56"]
[EventDate "2021.07.01"]
[EventType "swiss"]
[EventRounds "9"]
[EventCountry "CZE"]
[SourceTitle "CBM 203 Extra"]
[Source "ChessBase"]
[SourceDate "2021.09.30"]
[SourceVersion "1"]
[SourceVersionDate "2021.09.30"]
[SourceQuality "1"]

1. d4 f5 2. g3 Nf6 3. Bg2 g6 4. c3 Bg7 5. Nh3 e6 6. Nd2 Nc6 7. 0-0 d5 8. Nf3 Ne4 9. Be3 h6 10. Nf4 Qf6 11. Qc1 Bd7 12. c4 Qf7 13. b4 dxc4 14. Qxc4 Nd6 15. Qb3 g5 16. Nd3 f4 17. gxf4 gxf4 18. Nxf4 Rg8 19. Rad1 Ne7 20. Kh1 Ng6 21. Nxg6 Qxg6 22. Rg1 Qh5 23. Ne5 Bxe5 24. dxe5 Qxe5 25. Bxb7 Rxg1+ 26. Rxg1 Nxb7 27. Rg8+ Kf7 28. Rxa8 Qa1+ 1/2-1/2

[Event "AUT-chT2O 2021"]
[Site "Austria"]
[Date "2020.10.17"]
[Round "1.2"]
[White "Juhasz, Armin"]
[Black "Mikes, Jan"]
[Result "1/2-1/2"]
[WhiteElo "2373"]
[BlackElo "2360"]
[PlyCount "83"]
[EventDate "2020.10.17"]
[EventType "team-tourn"]
[EventRounds "11"]
[EventCountry "AUT"]
[SourceTitle "CBM 199 Extra"]
[Source "ChessBase"]
[SourceDate "2021.01.31"]
[SourceVersion "1"]
[SourceVersionDate "2021.01.31"]
[SourceQuality "1"]
[WhiteTeam "Bad Voeslau"]
[BlackTeam "Mistelbach/Altlichtenwarth"]
[WhiteTeamCountry "AUT"]
[BlackTeamCountry "AUT"]

1. Nf3 d5 2. d4 Nf6 3. c4 c6 4. cxd5 cxd5 5. Nc3 Nc6 6. Bf4 a6 7. Rc1 Bf5 8. e3 e6 9. Ne5 Nxe5 10. Bxe5 Nd7 11. Bg3 Rc8 12. Be2 Be7 13. 0-0 0-0 14. Bg4 Bxg4 15. Qxg4 b5 16. a4 b4 17. Na2 Nf6 18. Rxc8 Qxc8 19. Qe2 Qc4 20. Qxc4 dxc4 21. Rc1 Rc8 22. Bh4 c3 23. b3 a5 24. Bxf6 Bxf6 25. f4 g5 26. g3 gxf4 27. gxf4 Kf8 28. Kf2 Ke7 29. Rg1 Kd6 30. Ke2 Be7 31. Kd3 f6 32. Nc1 e5 33. Ne2 c2 34. dxe5+ fxe5 35. f5 Bf6 36. e4 Ke7 37. Rc1 Bg5 38. Rxc2 Rd8+ 39. Kc4 Rc8+ 40. Kd3 Rd8+ 41. Kc4 Rc8+ 42. Kd3 1/2-1/2